Retórica general / (Record no. 126778)

MARC details
000 -LEADER
campo de control de longitud fija 00611nam a2200205 4500
001 - NÚMERO DE CONTROL
campo de control 126778
003 - IDENTIFICADOR DE NÚMERO DE CONTROL
campo de control ES-MaACL
007 - CAMPO FIJO DE DESCRIPCIÓN FÍSICA--INFORMACIÓN GENERAL
campo de control de longitud fija t|
008 - DATOS DE LONGITUD FIJA--INFORMACIÓN GENERAL
campo de control de longitud fija 070214s1987 sp r ||||1| spa d
245 00 - MENCIÓN DEL TÍTULO
Título Retórica general /
Mención de responsabilidad, etc. Grupo ; traducción de Juan Victorio.
250 ## - MENCION DE EDICION
Mención de edición 1ª ed.
260 ## - PUBLICACIÓN, DISTRIBUCIÓN, ETC.
Lugar de publicación, distribución, etc. Barcelona ;
-- Buenos Aires [etc.] :
Nombre del editor, distribuidor, etc. Paidós,
Fecha de publicación, distribución, etc. 1987.
300 ## - DESCRIPCIÓN FÍSICA
Extensión 316 p. ;
Dimensiones 22 cm.
490 1# - MENCIÓN DE SERIE
Mención de serie Paidós Comunicación ;
Designación de volumen o secuencia 27
710 2# - ENTRADA AGREGADA--NOMBRE DE ENTIDAD CORPORATIVA
Nombre de entidad corporativa o nombre de jurisdicción como elemento de entrada Grupo.
9 (RLIN) 4502
710 2# - ENTRADA AGREGADA--NOMBRE DE ENTIDAD CORPORATIVA
Nombre de entidad corporativa o nombre de jurisdicción como elemento de entrada Victorio, Juan.
9 (RLIN) 7554
830 0# - PUNTO DE ACCESO ADICIONAL DE SERIE-TÍTULO UNIFORME
Título uniforme Paidós Comunicación ;
Designación de volumen o secuencia 27
9 (RLIN) 177927
852 ## - LOCALIZACIÓN
Ubicación ES-MaACL
Número de control de estantería G-3502
Sublocalización o colección R.114648
Holdings
Estatus retirado Estado de pérdida Estado de daño No para préstamo Biblioteca de origen Biblioteca actual Ubicación en estantería Fecha de adquisición Fuente de adquisición Total de préstamos Signatura topográfica completa Código de barras Visto por última vez Precio de reemplazo Tipo de ítem Koha
        Biblioteca del Ateneo de Madrid Biblioteca del Ateneo de Madrid Depósito 2 17/01/2008     G-3502 1132050 23/02/2023 23/02/2023 Libro impreso